Interný audit vybraných manažérskych systémov diplomová práca

Gespeichert in:
Bibliographische Detailangaben
1. Verfasser: Tomková, Lucia
Körperschaft: Podnikovohospodárska fakulta EU so sídlom v Košiciach. Katedra manažmentu
Weitere Verfasser: Čollák, Mikuláš
Format: Buch
Sprache:Slowakisch
Veröffentlicht: Košice 2011
Tags: Tag hinzufügen
Keine Tags, Fügen Sie das erste Tag hinzu!

MARC

LEADER 00000nbm a2200000 4500
001 0139177
005 20161109101911.3
041 0 |a slo 
044 |a SK 
245 1 0 |a Interný audit vybraných manažérskych systémov  |b diplomová práca  |c Lucia Tomková ; školiteľ: Mikuláš Čollák 
264 1 |a Košice  |c 2011 
300 |a 66 s. 
100 1 |a Tomková, Lucia 
700 1 |a Čollák, Mikuláš 
710 2 |a Podnikovohospodárska fakulta EU so sídlom v Košiciach. Katedra manažmentu